Transport and tourism : global perspectives

Αποθηκεύτηκε σε:
Λεπτομέρειες βιβλιογραφικής εγγραφής
Κύριος συγγραφέας: Page, Stephen 1963-
Μορφή: Βιβλίο
Γλώσσα:English
Δημοσίευση: Harlow : Prentice Hall, 2005
Έκδοση:2nd ed.
Σειρά:Themes in tourism
Θέματα:
Ετικέτες: Προσθήκη ετικέτας
Δεν υπάρχουν, Καταχωρήστε ετικέτα πρώτοι!

MARC

LEADER 00000nam a2200000 i 4500
001 1/52474
008 070824s2005 eng d
020 |a 978-0-13-124945-5 
020 |a 0-13-124945-2 
035 |l 10090013 
040 |a GR-MY-UA  |b gre  |e aacr 
041 0 |a eng 
082 0 |a 338.4791  |2 (22) 
100 1 |a Page, Stephen  |d 1963- 
245 1 0 |a Transport and tourism :  |b global perspectives /  |c Stephen J. Page 
250 |a 2nd ed. 
260 |a Harlow :   |b Prentice Hall,   |c 2005 
300 |a xiv , 450 σ.;  |b εικ.;  |c 23 εκ. 
490 1 |a Themes in tourism 
504 |a Βιβλιογραφία : σ. 405-442. Ευρετήριο 
650 0 0 |a Tourism. 
651 0 |a Transportation. 
830 0 |a Themes in tourism 
852 |a INST  |b CHIOS  |e 20070824  |h 338.4791 PAG  |p 005200025588  |q 005200025588  |t BK  |y 0 
901 |a BIBL2-2007-2 
909 |a Χ  |b 138125 
922 |a 2ΕΛΗ  |b 200707  |c ΕΠΕΑΕΚ2/ΤΔΕ  |d ΠΑΠΑΣΩΤΗΡΙΟΥ 
970 |a ΒΑΡΦΗΣ  |b ΒΑΓΓΕΛΗΣ  |z 2007/08/24